00742nam a22002177a 450000500170000000800410001701000140005802000260007202000230009803500130012103700150013404000130014908200150016210000180017724500650019526000450026027000620030530000330036750000200040050501040042020100715114443.0100715t xxu||||| |||| 00| 0 eng d aENG-96403 c775.00a9780198063049 c775.00a0198063040 aEN-79936 bDBAD / PUB aDplbEng a330.015193 aBasu, Kaushik aCollected papers in theoretical economics /cby Kaushik Basu aNew DelhibOxford University Pressc2010 bNew Delhie110 001aYMCA Library Building, Jai Singh Road av.4 (vi, 302p.)c24cm (Hb ) aIncludes index  aV.4- Inter-disciplinary transgressions :political economy, moral philosophy, and economic sociology